Taylor Swift - Chansons de Lover par durée - Statistiques

Statistiques générales
  • Ce quiz a été pris 45 fois
  • Le résultat moyen est 13 sur 16
Statistiques - réponses
Hint Réponse % Correct
4:47 min Cornelia Street
88%
2:58 min Cruel Summer
88%
4:53 min Daylight
88%
3:54 min Miss Americana & the Heartbreak Prince
88%
2:51 min I Forgot That You Existed / You Need to Calm Down
84%
3:13 min ME!
84%
3:31 min The Archer
84%
3:10 min The Man / London Boy
84%
3:41 min Lover
80%
3:42 min Paper Rings
80%
2:53 min I Think He Knows
76%
2:30 min It's Nice to Have a Friend
76%
3:22 min Soon You'll Get Better
76%
3:20 min False God
72%
3:43 min Afterglow
68%
3:19 min Death by a Thousand Cuts
68%
Aucun quiz correspondant
Distribution des résultats
% des personnes avec chaque résultat
Percentile par nombre de réponses
Votre historique - résultats
Vous n’avez pas pris ce quiz